Fuzzy Logic, Systems and Engineering Applications (Record no. 588936)
[ view plain ]
| 000 -LEADER | |
|---|---|
| fixed length control field | 01408nam a22001817a 4500 |
| 003 - CONTROL NUMBER IDENTIFIER | |
| control field | NUST |
| 005 - DATE AND TIME OF LATEST TRANSACTION | |
| control field | 20220329113247.0 |
| 008 - FIXED-LENGTH DATA ELEMENTS--GENERAL INFORMATION | |
| fixed length control field | 220329b ||||| |||| 00| 0 eng d |
| 020 ## - INTERNATIONAL STANDARD BOOK NUMBER | |
| International Standard Book Number | 9781639872527 |
| 022 ## - INTERNATIONAL STANDARD SERIAL NUMBER | |
| Source | 9781639872527 |
| 038 ## - RECORD CONTENT LICENSOR | |
| Staff Name | SAIF |
| 082 ## - DEWEY DECIMAL CLASSIFICATION NUMBER | |
| Classification number | 511.3 |
| Author Mark | PAR |
| 245 ## - TITLE STATEMENT | |
| Title | Fuzzy Logic, Systems and Engineering Applications |
| Statement of responsibility, etc. | Hubert Parks |
| 260 ## - PUBLICATION, DISTRIBUTION, ETC. | |
| Name of publisher, distributor, etc. | Murphy & Moore Publishing |
| Date of publication, distribution, etc. | 2021 |
| 500 ## - GENERAL NOTE | |
| General note | A form of many-valued logic in which the truth value of variables may be any real number between 0 and 1, including these two is termed as fuzzy logic. The basis of the fuzzy logic is the observation that people make decisions on the basis of imprecise and non-numerical information. Fuzzy logic has applications in many fields, ranging from control theory to artificial intelligence. Fuzzy models are used to mathematically represent vagueness and imprecise information. These models can represent, recognize, interpret and utilize the data and information that are vague. This book is a compilation of chapters that discuss the most vital concepts and emerging trends in the field of fuzzy logic. The various advancements in this field along with its engineering applications are glanced at herein. As this field is emerging at a rapid pace, the contents of this book will help the readers understand the modern concepts and applications of the subject. |
| 563 ## - BINDING INFORMATION | |
| Binding note | H.B |
| 942 ## - ADDED ENTRY ELEMENTS (KOHA) | |
| Source of classification or shelving scheme | |
| Koha item type | Book |
| Withdrawn status | Lost status | Source of classification or shelving scheme | Damaged status | Not for loan | Permanent Location | Current Location | Date acquired | Total Checkouts | Full call number | Barcode | Date last seen | Price effective from | Koha item type |
|---|---|---|---|---|---|---|---|---|---|---|---|---|---|
| School of Civil and Environmental Engineering (SCEE) | School of Civil and Environmental Engineering (SCEE) | 03/29/2022 | 511.3 PAR | NIT-13593 | 03/29/2022 | 03/29/2022 | Book |
